000 01438nam a2200373 a 4500
001 ebr10541131
003 CaPaEBR
006 m u
007 cr cn|||||||||
008 120330s2012 ilu sb 001 0 eng d
020 _z9780838911549
020 _z9780838994085 (e-book)
040 _aCaPaEBR
_cCaPaEBR
035 _a(OCoLC)787849168
050 1 4 _aZ997.A1
_bJ47 2012eb
100 1 _aJerrard, Jane.
245 1 0 _aPrivatizing libraries
_h[electronic resource] /
_cJane Jerrard, Nancy Bolt, and Karen Strege ; forewords by Patricia A. Tumulty and Marci Merola.
250 _a3rd ed.
260 _aChicago :
_bAmerican Library Associations,
_c2012.
300 _axi, 56 p.
490 1 _aALA editions. Special reports
504 _aIncludes bibliographical references and index.
533 _aElectronic reproduction.
_bPalo Alto, Calif. :
_cebrary,
_d2011.
_nAvailable via World Wide Web.
_nAccess may be limited to ebrary affiliated libraries.
650 0 _aLibraries
_xPrivatization.
650 0 _aPrivate libraries.
655 7 _aElectronic books.
_2local
700 1 _aBolt, Nancy.
700 1 _aStrege, Karen.
700 1 _aTumulty, Patricia A.
700 1 _aMerola, Marci.
710 2 _aebrary, Inc.
830 0 _aSpecial reports (American Library Association)
856 4 0 _uhttp://site.ebrary.com/lib/rucke/Doc?id=10541131
_zAn electronic book accessible through the World Wide Web; click to view
999 _c136333
_d136333